| 000 | 00690nam a2200241 u 4500 | ||
|---|---|---|---|
| 005 | 20210223132558.0 | ||
| 008 | 150312s2006 r 000 0 eng d | ||
| 020 | _a8478642331 (10 dígitos) | ||
| 020 | _a9788478642335 (13 dígitos) | ||
| 035 | _aUPN01000202467 | ||
| 049 | _aI | ||
| 050 | 4 |
_aSF285 _bB3.6 |
|
| 100 | 1 |
_aBarbé-Julien, Colette _936893 |
|
| 245 | 1 | 3 |
_aEl potro / _cColette Barbé Julien ; tr. Luz Orihuela. |
| 260 |
_aBarcelona, Esp. : _bCombel, _c2006. |
||
| 300 |
_a23 p. : _bil. col. |
||
| 440 | 1 | _a¿Quién eres? | |
| 534 |
_pTítulo original: _tLe poulain |
||
| 650 | 4 |
_aCABALLOS _95244 |
|
| 650 | 4 |
_aPOTROS _923781 |
|
| 905 | _aInfantil | ||
| 999 |
_c174568 _d174568 |
||